000 00757nam a2200181Ia 4500
008 100921s9999 xx 000 0 und d
082 _b21160
_a891.463 थ 85
100 _aतिबिले अनंत.
245 _aस्त्रीयश्चरित्रम्र.
260 _bश्रद्धा प्रकाशन, मुंबई.
_c1985
300 _a206
_bशिल्पा बुक सर्व्हिस,तळेगांव दाभाडे
365 _b45
520 _aललित-कादंबरी.
630 _aस्त्रीयश्चरित्रम्र.
650 _aललित-कादंबरी.
730 _aस्त्रीयश्चरित्रम्र.
942 _cBOOK
999 _c770273
_d770270